|
|
|
|
| LEADER |
01477nam a2200385 a 4500 |
| 001 |
000835773 |
| 003 |
CZ BrMZK |
| 005 |
20070105103026.0 |
| 007 |
ta |
| 008 |
981029s1998 xr b f 001 0 cze |
| 015 |
|
|
|a cnb000486645
|
| 020 |
|
|
|a 80-86130-04-5
|q (brož.)
|
| 035 |
|
|
|a (OCoLC)42049396
|
| 040 |
|
|
|a ABA001
|b cze
|d BOA001
|
| 045 |
|
|
|a x1x4
|
| 072 |
|
7 |
|a 327
|x Mezinárodní vztahy, světová politika
|2 Konspekt
|9 15
|
| 080 |
|
|
|a 327(100)
|2 MRF
|
| 080 |
|
|
|a 327
|2 MRF
|
| 080 |
|
|
|a (048.8)
|2 MRF
|
| 100 |
1 |
|
|a Moravcová, Dagmar,
|d 1947-
|7 jn20001005018
|4 aut
|
| 245 |
1 |
0 |
|a Kapitoly z dějin mezinárodních vztahů 1914-1941 /
|c Dagmar Moravcová, Pavel Bělina
|
| 250 |
|
|
|a 2., přeprac. a rozš. vyd.
|
| 260 |
|
|
|a Praha :
|b Institut pro středoevropskou kulturu a politiku,
|c 1998
|
| 300 |
|
|
|a 219 s. :
|b mapy ;
|c 23 cm
|
| 504 |
|
|
|a Obsahuje bibliografii a rejstřík
|
| 650 |
0 |
7 |
|a světová politika
|7 ph126325
|y 1914-1941
|2 czenas
|
| 650 |
0 |
7 |
|a mezinárodní vztahy
|7 ph137626
|y 1914-1941
|2 czenas
|
| 655 |
|
7 |
|a studie
|7 fd133597
|2 czenas
|
| 700 |
1 |
|
|a Bělina, Pavel,
|d 1948-
|7 jn20000400336
|4 aut
|
| 856 |
4 |
1 |
|u http://www.digitalniknihovna.cz/mzk/uuid/uuid:0ab1fa70-d064-11e3-b110-005056827e51
|y Digitalizovaný dokument
|x NDK
|
| 910 |
2 |
|
|a BOA001
|b 2-1178.059
|
| 990 |
|
|
|a BK
|
| 991 |
|
|
|b 200701
|c NOV
|
| 901 |
|
|
|f 2., přeprac. a rozš. vyd.
|o 20000828
|
| 996 |
6 |
|
|b 2610296426
|c 2-1178.059
|l MZK
|r Sklad / do 1 hodiny
|n 23
|p kup
|w 000835773
|u 000010
|a 1
|e BOA001
|j MZK50
|s P
|